000 00414nam a2200169Ia 4500
008 210719s1996 xx 000 0 und d
020 _a8171704298
041 _aeng
082 _a574.9 QUAS
100 _aQUAMMEN (David)
245 _aSong of the dodo.
260 _aNoida.
_bFrank Bros. & Co.,
_c1996
300 _a702
_bHB
365 _b325
_cRs
650 _aBiology
906 _aBiography Extinctions Dodo
999 _c213482
_d213482